000 00984nam a2200265 a 4500
001 000020882
005 20230519124857.0
008 100821s2001 it r 000 j spa d
020 _a8888405046
040 _aDO-SdBNP
_bspa
_cBNPHU
040 _aDO-SdBNP
082 _a853.5
_bB311g
100 1 _aBasile, Giambattista,
_d1566-1632
_943767
240 1 3 _a[Lo cunto de li cunti]
_lEspañol.
245 1 3 _aLa gata cenicienta y otras fábulas de "Lo cunto de li cunti" /
_cGiambattista Basile ; traducción de César Palma ; edición de Danilo Manera ; presentación de Adriana Buffardi.
260 _aMartorano di Cesena, Italia :
_bItalia,
_c2001.
300 _a90, [5] p. ;
_c17 cm.
490 1 _aUn mar de sueños
_v6
650 4 _aCuentos italianos
_95425
650 4 _aLiteratura italiana
_ySIGLO XVI
_943768
700 1 _aPalma, César,
_etr.
_919575
700 1 _aManera, Danilo,
_eed.
_923179
700 1 _aBuffardi, Adriana,
_943769
830 0 _aUn mar de sueños ;
_v6
_940693
999 _c20385
_d20385